000 00631nam a2200193 i 4500
001 28860
003 ES-MaACL
005 20230906153935.0
007 t|
008 030120m19091912sp ||||1| spa d
100 1 _aBarbasán Lagueruela, Casto.
_925387
245 1 3 _aLa iniciativa en la guerra
_b: conferencias... /
_cpor Casto Barbasán Lagueruela.
260 _aMadrid :
_b[s.n.,
_c1909-12] (
_fImprenta de Eduardo Arias)
300 _a3 v. ;
_c19 cm.
490 1 _aBiblioteca de los "Estudios militares"
830 0 _aBiblioteca de los "Estudios militares"
_9181212
852 _aES-MaACL
_jG-9182-4
999 _c28860
_d28860